[Event "3rd Banja Luka it"]
[Site "Banja Luka YUG"]
[Date "1979.04.22"]
[Round "10"]
[White "Smejkal, Jan"]
[Black "Garcia Gonzalez, Guillermo"]
[Result "1-0"]
[WhiteElo "2550"]
[BlackElo "2490"]
[EventDate "1979.04.11"]
[PlyCount "63"]

1.c4 e6 2.g3 c5 3.Bg2 Nc6 4.Nf3 Qb6 5.b3 Nh6 6.O-O Nf5 7.e3 Be7 8.Bb2 O-O 
9.Nc3 Rd8 10.d4 cxd4 11.Na4 Qc7 12.e4 Nd6 13.Nxd4 Nxd4 14.Qxd4 Ne8 15.c5 
d6 16.cxd6 Rxd6 17.Qe3 Rd8 18.e5 Qb8 19.Rfd1 Bd7 20.Nc5 Bc6 21.Rxd8 Bxd8 
22.Bxc6 bxc6 23.Rd1 Bb6 24.Rd7 Nc7 25.Qf3 Qe8 26.Qxc6 Nd5 27.Ne4 Qc8 28.
Qxc8+ Rxc8 29.Nd6 Rc2 30.Bd4 h6 31.Bxb6 axb6 32.Nxf7 1-0

[Event "3rd Banja Luka it"]
[Site "Banja Luka YUG"]
[Date "1979.04.22"]
[Round "10"]
[White "Marjanovic, Slavoljub"]
[Black "Matanovic, Aleksandar"]
[Result "1/2-1/2"]
[WhiteElo "2505"]
[BlackElo "2495"]
[EventDate "1979.04.11"]
[PlyCount "33"]

1.d4 Nf6 2.c4 e6 3.Nf3 b6 4.a3 Bb7 5.Nc3 d5 6.cxd5 exd5 7.g3 Be7 8.Bg2 O-O
9.O-O Nbd7 10.Bf4 c6 11.Rc1 Re8 12.Re1 Bf8 13.Qc2 h6 14.h4 Nh5 15.Bd2 Nhf6
16.Bf4 Nh5 17.Bd2 1/2-1/2

[Event "3rd Banja Luka it"]
[Site "Banja Luka YUG"]
[Date "1979.04.22"]
[Round "10"]
[White "Knezevic, Milorad"]
[Black "Andersson, Ulf"]
[Result "1/2-1/2"]
[WhiteElo "2500"]
[BlackElo "2560"]
[EventDate "1979.04.11"]
[PlyCount "29"]

1.d4 Nf6 2.c4 e6 3.Nc3 Bb4 4.Qc2 O-O 5.Nf3 c5 6.dxc5 Na6 7.e3 Nxc5 8.Bd2 
b6 9.Be2 Bb7 10.O-O a5 11.Nb5 Bxd2 12.Qxd2 d5 13.cxd5 Nxd5 14.Rfd1 Qe7 15.
Nc3 1/2-1/2

[Event "3rd Banja Luka it"]
[Site "Banja Luka YUG"]
[Date "1979.04.24"]
[Round "11"]
[White "Vukic, Milan"]
[Black "Bukic, Enver"]
[Result "1/2-1/2"]
[WhiteElo "2485"]
[BlackElo "2495"]
[EventDate "1979.04.11"]
[PlyCount "51"]

1.d4 d5 2.c4 e6 3.Nf3 Nf6 4.g3 c5 5.cxd5 exd5 6.Bg2 Nc6 7.O-O Be7 8.Nc3 
O-O 9.Bg5 cxd4 10.Nxd4 h6 11.Be3 Re8 12.Rc1 Bf8 13.Nxc6 bxc6 14.Na4 Ng4 
15.Bc5 Bxc5 16.Nxc5 Rb8 17.b3 Qf6 18.h3 Ne5 19.e4 Rb5 20.exd5 cxd5 21.Qe2 
Rxc5 22.Rxc5 Ba6 23.Qd1 Bxf1 24.Kxf1 Qa6+ 25.Kg1 Qxa2 26.Bxd5 1/2-1/2

[Event "3rd Banja Luka it"]
[Site "Banja Luka YUG"]
[Date "1979.04.24"]
[Round "11"]
[White "Matanovic, Aleksandar"]
[Black "Knezevic, Milorad"]
[Result "1/2-1/2"]
[WhiteElo "2495"]
[BlackElo "2500"]
[EventDate "1979.04.11"]
[PlyCount "21"]

1.e4 e5 2.Nf3 Nc6 3.Bb5 a6 4.Ba4 Nf6 5.O-O d6 6.Bxc6+ bxc6 7.d4 Bg4 8.dxe5
Nxe4 9.h3 Bh5 10.exd6 Bxd6 11.Nbd2 1/2-1/2

[Event "3rd Banja Luka it"]
[Site "Banja Luka YUG"]
[Date "1979.04.24"]
[Round "11"]
[White "Garcia Gonzalez, Guillermo"]
[Black "Marjanovic, Slavoljub"]
[Result "0-1"]
[WhiteElo "2490"]
[BlackElo "2505"]
[EventDate "1979.04.11"]
[PlyCount "70"]

1.c4 g6 2.d4 Bg7 3.Nc3 d6 4.e4 Nf6 5.Nf3 O-O 6.Be2 e5 7.O-O Nc6 8.d5 Ne7 
9.b4 Nh5 10.g3 f5 11.Ng5 Nf6 12.f3 f4 13.Kg2 Kh8 14.Rb1 Ne8 15.Nh3 Bf6 16.
Nf2 h5 17.gxf4 exf4 18.Nb5 g5 19.Bb2 Ng6 20.Kh1 Bxb2 21.Rxb2 Ne5 22.Qd4 
Qf6 23.Rg1 a6 24.Nc3 Rg8 25.Ncd1 Rg7 26.Nd3 g4 27.Nxe5 dxe5 28.Qc3 Nd6 29.
c5 Nf7 30.Rd2 Bd7 31.Nf2 g3 32.Nd3 h4 33.Bd1 Rag8 34.Ne1 Bh3 35.Bb3 gxh2 
0-1

[Event "3rd Banja Luka it"]
[Site "Banja Luka YUG"]
[Date "1979.04.24"]
[Round "11"]
[White "Kurajica, Bojan"]
[Black "Smejkal, Jan"]
[Result "1/2-1/2"]
[WhiteElo "2515"]
[BlackElo "2550"]
[EventDate "1979.04.11"]
[PlyCount "34"]

1.e4 e5 2.Nf3 Nc6 3.Bb5 a6 4.Ba4 Nf6 5.O-O Be7 6.Re1 b5 7.Bb3 d6 8.c3 O-O 
9.h3 Nb8 10.d4 Nbd7 11.Nbd2 Bb7 12.Bc2 Re8 13.Nf1 Bf8 14.Ng3 g6 15.a4 c5 
16.d5 Nb6 17.Nh2 Nxa4 1/2-1/2

[Event "3rd Banja Luka it"]
[Site "Banja Luka YUG"]
[Date "1979.04.25"]
[Round "12"]
[White "Bukic, Enver"]
[Black "Browne, Walter Shawn"]
[Result "1/2-1/2"]
[WhiteElo "2495"]
[BlackElo "2540"]
[EventDate "1979.04.11"]
[PlyCount "41"]

1.d4 Nf6 2.c4 e6 3.Nf3 b6 4.g3 Ba6 5.b3 Bb4+ 6.Bd2 Be7 7.Bg2 c6 8.O-O d5 
9.Ne5 Nfd7 10.Nxd7 Nxd7 11.Bc3 O-O 12.Nd2 f5 13.a4 Rc8 14.a5 b5 15.c5 e5 
16.dxe5 Nxc5 17.b4 Ne4 18.Qb3 Nxc3 19.Qxc3 c5 20.bxc5 b4 21.Qxb4 1/2-1/2

[Event "3rd Banja Luka it"]
[Site "Banja Luka YUG"]
[Date "1979.04.25"]
[Round "12"]
[White "Marjanovic, Slavoljub"]
[Black "Kurajica, Bojan"]
[Result "1-0"]
[WhiteElo "2505"]
[BlackElo "2515"]
[EventDate "1979.04.11"]
[PlyCount "83"]

1.e4 e5 2.Nf3 Nc6 3.Bb5 Nf6 4.O-O Nxe4 5.d4 Nd6 6.Bg5 Be7 7.Bxe7 Qxe7 8.
Bxc6 dxc6 9.dxe5 Ne4 10.Qe2 Ng5 11.Nd4 Ne6 12.Rd1 O-O 13.Nc3 Re8 14.Nxe6 
Bxe6 15.Rd4 Rad8 16.Rxd8 Rxd8 17.a3 Qg5 18.Rd1 Rxd1+ 19.Nxd1 Qc1 20.Qd3 h5
21.h3 c5 22.Kh2 Qf4+ 23.Qg3 Qd4 24.Ne3 Qxb2 25.f4 Qd4 26.Qf3 b5 27.g4 h4 
28.Kg2 c6 29.Kf1 Ba2 30.Ke2 g5 31.fxg5 Qxe5 32.Qxc6 Bc4+ 33.Kf3 Qg3+ 34.
Ke4 Be6 35.g6 Qxh3 36.Qe8+ Kg7 37.gxf7 Bxf7 38.Nf5+ Kg6 39.Qc6+ Kg5 40.
Qh6+ Kxg4 41.Qg7+ Kh5 42.Qxf7+ 1-0

[Event "3rd Banja Luka it"]
[Site "Banja Luka YUG"]
[Date "1979.04.25"]
[Round "12"]
[White "Knezevic, Milorad"]
[Black "Garcia Gonzalez, Guillermo"]
[Result "1-0"]
[WhiteElo "2500"]
[BlackElo "2490"]
[EventDate "1979.04.11"]
[PlyCount "101"]

1.d4 Nf6 2.c4 e6 3.Nc3 Bb4 4.Qc2 O-O 5.a3 Bxc3+ 6.Qxc3 Ne4 7.Qc2 f5 8.g3 
c5 9.f3 Nc6 10.fxe4 Nxd4 11.Qc3 fxe4 12.Be3 e5 13.Bg2 d5 14.cxd5 Bf5 15.
Nh3 Qb6 16.Nf2 Qa6 17.Qd2 Nb3 18.Qd1 Nxa1 19.O-O Qc4 20.Qxa1 Qxe2 21.Qc1 
b6 22.Re1 Qh5 23.Qc3 Rad8 24.Qxe5 Rfe8 25.Qf4 Bg6 26.d6 Rf8 27.Qg5 Rxd6 
28.Qxh5 Bxh5 29.Nxe4 Rd1 30.Rxd1 Bxd1 31.Bf4 Bb3 32.Kf2 h6 33.Ke3 Re8 34.
Kd2 Rd8+ 35.Nd6 Kf8 36.Kc3 Be6 37.Nb5 Rd1 38.Nxa7 g5 39.Bc7 Rc1+ 40.Kd2 
Rb1 41.Be5 Rg1 42.Bc6 g4 43.Nb5 Rf1 44.Nc7 Ke7 45.Na8 Bf5 46.Bc3 Rf2+ 47.
Ke3 Rxh2 48.Be5 h5 49.Nxb6 h4 50.gxh4 Rxh4 51.Nd5+ 1-0

[Event "3rd Banja Luka it"]
[Site "Banja Luka YUG"]
[Date "1979.04.25"]
[Round "12"]
[White "Vukic, Milan"]
[Black "Andersson, Ulf"]
[Result "1/2-1/2"]
[WhiteElo "2485"]
[BlackElo "2560"]
[EventDate "1979.04.11"]
[PlyCount "61"]

1.d4 Nf6 2.c4 e6 3.Nf3 b6 4.g3 Ba6 5.b3 Bb4+ 6.Bd2 Bxd2+ 7.Nbxd2 c5 8.Bg2 
Nc6 9.e3 cxd4 10.Nxd4 Nxd4 11.exd4 d5 12.O-O Rc8 13.Rc1 O-O 14.Re1 dxc4 
15.Nxc4 Rc7 16.Qd2 Bb7 17.Bxb7 Rxb7 18.Ne5 h6 19.Rc4 Rc7 20.Rec1 Rxc4 21.
Rxc4 Nd5 22.b4 Qa8 23.b5 Qb7 24.Qc2 a6 25.a4 axb5 26.axb5 Ra8 27.Ra4 Rxa4 
28.Qxa4 f6 29.Nc6 Qd7 30.Qa8+ Kh7 31.Qb8 1/2-1/2

[Event "3rd Banja Luka it"]
[Site "Banja Luka YUG"]
[Date "1979.04.26"]
[Round "13"]
[White "Matanovic, Aleksandar"]
[Black "Vukic, Milan"]
[Result "1/2-1/2"]
[WhiteElo "2495"]
[BlackElo "2485"]
[EventDate "1979.04.11"]
[PlyCount "38"]

1.e4 Nf6 2.e5 Nd5 3.d4 d6 4.Nf3 Bg4 5.Be2 e6 6.O-O Be7 7.h3 Bh5 8.c4 Nb6 
9.Nc3 O-O 10.Be3 d5 11.cxd5 Nxd5 12.Qb3 Nb6 13.Rfd1 c6 14.a4 a5 15.d5 Nxd5
16.Qxb7 Nd7 17.g4 Bg6 18.Qxc6 Rc8 19.Qb5 Rb8 1/2-1/2

[Event "3rd Banja Luka it"]
[Site "Banja Luka YUG"]
[Date "1979.04.26"]
[Round "13"]
[White "Kurajica, Bojan"]
[Black "Knezevic, Milorad"]
[Result "1/2-1/2"]
[WhiteElo "2515"]
[BlackElo "2500"]
[EventDate "1979.04.11"]
[PlyCount "26"]

1.e4 e5 2.Nf3 Nf6 3.Nxe5 d6 4.Nf3 Nxe4 5.Qe2 Qe7 6.d3 Nf6 7.Bg5 Qxe2+ 8.
Bxe2 Be7 9.O-O Nd5 10.Bxe7 Nxe7 11.Re1 O-O 12.Bf1 Nd5 13.Nc3 Nxc3 1/2-1/2

[Event "3rd Banja Luka it"]
[Site "Banja Luka YUG"]
[Date "1979.04.26"]
[Round "13"]
[White "Sibarevic, Milenko"]
[Black "Marovic, Drazen"]
[Result "1/2-1/2"]
[WhiteElo "2355"]
[BlackElo "2470"]
[EventDate "1979.04.11"]
[PlyCount "48"]

1.e4 e6 2.d4 d5 3.Nd2 c5 4.exd5 exd5 5.Ngf3 Nc6 6.Bb5 Bd6 7.O-O Ne7 8.dxc5
Bxc5 9.Nb3 Bd6 10.Nbd4 O-O 11.Be3 Bg4 12.Qd2 Qc7 13.h3 Bh5 14.Nh4 Bg6 15.
Nxg6 hxg6 16.Bxc6 bxc6 17.c4 Qd7 18.Nb3 dxc4 19.Nc5 Qc7 20.Rac1 Rad8 21.
Qe2 Nd5 22.Rxc4 Rfe8 23.Qf3 Nxe3 24.fxe3 Qe7 1/2-1/2

[Event "3rd Banja Luka it"]
[Site "Banja Luka YUG"]
[Date "1979.04.27"]
[Round "14"]
[White "Vukic, Milan"]
[Black "Garcia Gonzalez, Guillermo"]
[Result "0-1"]
[WhiteElo "2485"]
[BlackElo "2490"]
[EventDate "1979.04.11"]
[PlyCount "98"]

1.d4 Nf6 2.c4 c5 3.d5 e6 4.Nc3 exd5 5.cxd5 d6 6.Nf3 g6 7.Bf4 a6 8.a4 Bg7 
9.e4 O-O 10.Nd2 Ne8 11.Be2 Nd7 12.O-O Rb8 13.Kh1 Ne5 14.Bg3 f5 15.f4 Nf7 
16.exf5 gxf5 17.Qc2 Nc7 18.Bf3 b5 19.Nb3 b4 20.Nd1 Qf6 21.Na5 Bd7 22.Qb3 
Rbe8 23.Rc1 Nh6 24.Rc2 Ng4 25.Nc4 Re7 26.h3 Qh6 27.Rd2 Ne8 28.Kg1 Ngf6 29.
Nb6 Ne4 30.Bxe4 fxe4 31.Nxd7 Rxd7 32.Qc4 Bd4+ 33.Rxd4 cxd4 34.Qxd4 Rg7 35.
Qf2 Qg6 36.Kh2 Rgf7 37.Kh1 Ng7 38.Bh2 Nh5 39.g3 Nf6 40.Ne3 Qh5 41.h4 Qf3+ 
42.Qxf3 exf3 43.Rxf3 h5 44.Bg1 Rc7 45.Kg2 Ng4 46.Kh3 Rc1 47.Bf2 Rh1+ 48.
Kg2 Rh2+ 49.Kg1 Rxf2 0-1

[Event "3rd Banja Luka it"]
[Site "Banja Luka YUG"]
[Date "1979.04.27"]
[Round "14"]
[White "Andersson, Ulf"]
[Black "Matanovic, Aleksandar"]
[Result "1/2-1/2"]
[WhiteElo "2560"]
[BlackElo "2495"]
[EventDate "1979.04.11"]
[PlyCount "27"]

1.c4 Nf6 2.Nf3 e6 3.d4 b6 4.g3 Bb7 5.Bg2 Be7 6.Nc3 Ne4 7.Bd2 Bf6 8.O-O O-O
9.Qc2 Nxd2 10.Qxd2 d6 11.Rad1 g6 12.h4 Nd7 13.e4 Qe7 14.Rfe1 1/2-1/2

[Event "3rd Banja Luka it"]
[Site "Banja Luka YUG"]
[Date "1979.04.29"]
[Round "15"]
[White "Matanovic, Aleksandar"]
[Black "Bukic, Enver"]
[Result "1/2-1/2"]
[WhiteElo "2495"]
[BlackElo "2495"]
[EventDate "1979.04.11"]
[PlyCount "90"]

1.e4 c5 2.Nf3 d6 3.d4 cxd4 4.Nxd4 Nf6 5.Nc3 a6 6.f4 e6 7.Be2 Be7 8.O-O O-O
9.Kh1 Nc6 10.Be3 Bd7 11.a4 Rc8 12.Qe1 Nxd4 13.Bxd4 Bc6 14.Bd3 Nd7 15.b4 e5
16.Bg1 Nf6 17.b5 axb5 18.axb5 Bd7 19.f5 Re8 20.Ra7 d5 21.Nxd5 Nxd5 22.exd5
e4 23.Qxe4 Bc5 24.Qf4 Bxa7 25.Bxa7 f6 26.Qd6 Ra8 27.Bb6 Qc8 28.Kg1 Ra4 29.
Qc5 Re5 30.Qxc8+ Bxc8 31.c4 Bd7 32.d6 Kf7 33.h3 Ra3 34.Rd1 Ra4 35.g4 Kf8 
36.Bf1 Ke8 37.c5 Rb4 38.Bg2 Rxb5 39.Bxb7 Rexc5 40.Bxc5 Rxb7 41.Re1+ Kd8 
42.Re7 Bc6 43.Rc7 Rxc7 44.Bb6 Kd7 45.Bxc7 h5 1/2-1/2

[Event "3rd Banja Luka it"]
[Site "Banja Luka YUG"]
[Date "1979.04.29"]
[Round "15"]
[White "Garcia Gonzalez, Guillermo"]
[Black "Andersson, Ulf"]
[Result "1/2-1/2"]
[WhiteElo "2490"]
[BlackElo "2560"]
[EventDate "1979.04.11"]
[PlyCount "31"]

1.d4 Nf6 2.c4 e6 3.Nf3 b6 4.g3 Bb7 5.Bg2 Be7 6.O-O O-O 7.Nc3 Ne4 8.Nxe4 
Bxe4 9.Ne1 d5 10.Qa4 Qd7 11.Qxd7 Nxd7 12.Bxe4 dxe4 13.Nc2 Rfd8 14.b3 f5 
15.Bb2 Kf7 16.Rad1 1/2-1/2

[Event "3rd Banja Luka it"]
[Site "Banja Luka YUG"]
[Date "1979.04.29"]
[Round "15"]
[White "Kurajica, Bojan"]
[Black "Vukic, Milan"]
[Result "1/2-1/2"]
[WhiteElo "2515"]
[BlackElo "2485"]
[EventDate "1979.04.11"]
[PlyCount "31"]

1.e4 c6 2.d4 d5 3.Nc3 dxe4 4.Nxe4 Bf5 5.Ng3 Bg6 6.Nf3 Nd7 7.h4 h6 8.h5 Bh7
9.Bd3 Bxd3 10.Qxd3 e6 11.Bf4 Qa5+ 12.Bd2 Qc7 13.O-O-O Ngf6 14.Ne4 O-O-O 
15.Qe2 Be7 16.Kb1 1/2-1/2

[Event "3rd Banja Luka it"]
[Site "Banja Luka YUG"]
[Date "1979.04.29"]
[Round "15"]
[White "Petrosian, Tigran"]
[Black "Knezevic, Milorad"]
[Result "1/2-1/2"]
[WhiteElo "2610"]
[BlackElo "2500"]
[EventDate "1979.04.11"]
[PlyCount "78"]

1.c4 f5 2.d4 Nf6 3.g3 g6 4.Bg2 Bg7 5.Nc3 d6 6.Nf3 O-O 7.d5 c6 8.O-O e5 9.
dxe6 Bxe6 10.b3 Na6 11.Ng5 Bc8 12.Rb1 Qe7 13.Qc2 h6 14.Nf3 Nc5 15.Ba3 Be6 
16.Rbd1 Rad8 17.e3 Bf7 18.Ne2 Qe4 19.Qc1 Qe7 20.Bb2 Rc8 21.Qa1 a5 22.Bd4 
a4 23.Qb2 axb3 24.axb3 Nce4 25.Nd2 Nc5 26.Ra1 Ra8 27.Rxa8 Rxa8 28.Ra1 
Rxa1+ 29.Qxa1 Kh7 30.h3 Be8 31.b4 Ne6 32.Bc3 Ng5 33.Nc1 Nf7 34.Ncb3 Ne5 
35.c5 Ned7 36.cxd6 Qxd6 37.Nc4 Qe7 38.e4 f4 39.g4 Bf7 1/2-1/2

[Event "3rd Banja Luka it"]
[Site "Banja Luka YUG"]
[Date "1979.04.23"]
[Round "15"]
[White "Sibarevic, Milenko"]
[Black "Marjanovic, Slavoljub"]
[Result "0-1"]
[WhiteElo "2355"]
[BlackElo "2505"]
[EventDate "1979.04.11"]
[PlyCount "136"]

1.e4 e6 2.d4 d5 3.Nc3 dxe4 4.Nxe4 Nf6 5.Nxf6+ Qxf6 6.Nf3 h6 7.Bd3 Nc6 8.
O-O Bd6 9.Re1 O-O 10.c4 Rd8 11.c5 Bf8 12.Re4 e5 13.Nxe5 Nxd4 14.Be3 Nf5 
15.Qe2 Be6 16.Ng4 Qe7 17.Bc4 Bxc4 18.Qxc4 Nxe3 19.Rxe3 Qd7 20.h4 Qd4 21.
Qe2 Bxc5 22.Re4 Qd7 23.Rc1 Bd6 24.Rd1 Re8 25.Re1 Rxe4 26.Qxe4 Rd8 27.Ne3 
c6 28.Rd1 Qc7 29.g3 Bf8 30.Re1 Qe7 31.Qa4 Qb4 32.Qxb4 Bxb4 33.Re2 h5 34.
Nc4 b6 35.Kg2 g6 36.Ne5 Re8 37.Kf3 Re6 38.Nd3 Rxe2 39.Kxe2 Bd6 40.f4 f6 
41.Nf2 Kf7 42.Ne4 Ke6 43.Kf3 Be7 44.Nc3 f5 45.b3 Bf6 46.Nb1 Kd5 47.Ke3 
Bd4+ 48.Ke2 c5 49.Na3 a6 50.Nc4 b5 51.Nd2 c4 52.bxc4+ bxc4 53.Nb1 Bb2 54.
Nd2 c3 55.Nf1 Ke4 56.Ne3 Ba3 57.Nc2 Bc5 58.Ne1 a5 59.Nd3 Bg1 60.Ne1 Bh2 
61.Kf2 Bxg3+ 62.Kxg3 Ke3 63.Nc2+ Kd2 64.Nd4 c2 65.Kf3 c1=Q 66.Nb3+ Kc2 67.
Nxc1 Kxc1 68.Ke3 Kb2 0-1

[Event "3rd Banja Luka it"]
[Site "Banja Luka YUG"]
[Date "1979.04.29"]
[Round "15"]
[White "Browne, Walter Shawn"]
[Black "Smejkal, Jan"]
[Result "1/2-1/2"]
[WhiteElo "2540"]
[BlackElo "2550"]
[EventDate "1979.04.11"]
[PlyCount "53"]

1.d4 Nf6 2.Nf3 g6 3.c4 Bg7 4.Nc3 d5 5.Bg5 Ne4 6.cxd5 Nxg5 7.Nxg5 e6 8.Nf3 
exd5 9.b4 O-O 10.e3 c6 11.Be2 Be6 12.O-O Nd7 13.Rc1 f5 14.b5 f4 15.bxc6 
bxc6 16.e4 dxe4 17.Nxe4 Bxa2 18.Rxc6 Nb6 19.Ne5 Qe7 20.Nc3 Bxe5 21.dxe5 
Bf7 22.Qd6 Rae8 23.Ra1 Qxe5 24.Qxe5 Rxe5 25.Rxa7 Nd5 26.Bf1 Nxc3 27.Rxc3 
1/2-1/2